Drapeaux avec du bleu en Europe - Statistiques

Statistiques générales
  • Ce quiz a été pris 143 fois
  • Le résultat moyen est 22 sur 25
Statistiques - réponses
Par images Réponse % Correct
France
99%
Roumanie
97%
Grece
96%
Royaume-Uni
96%
Pays-bas
95%
Ukraine
95%
Norvege
94%
Suede
94%
Croatie
92%
Finlande
91%
Republique tcheque
91%
Russie
91%
Islande
89%
Estonie
87%
Luxembourg
86%
Serbie
86%
Slovaquie
85%
Saint marin
84%
Kosovo
83%
Slovenie
83%
Andorre
82%
Bosnie Herzegovines
81%
Moldavie
75%
Europe
73%
liechtenstein
71%
Aucun quiz correspondant
Distribution des résultats
% des personnes avec chaque résultat
Percentile par nombre de réponses
Votre historique - résultats
Vous n’avez pas pris ce quiz